Statistics for -TCH Vocabulary Words

Click here to take the quiz!

General Stats

  • This quiz has been taken 135 times
  • The average score is 16 of 20

Answer Stats

HintAnswer% Correct
observewatch
100%
strike one to create firematch
95%
rough drawingsketch
94%
what eggs do, eventuallyhatch
93%
it comes with an off and on settingswitch
89%
baseball throw to batterpitch
86%
flies on a broomstickwitch
85%
lengthenstretch
83%
commonest cricket dismissalcatch
79%
manual cars have oneclutch
79%
type of whiskyscotch
79%
device to hold doors closedlatch
78%
long, superficial, skin woundscratch
78%
basic unit of knitting or sewingstitch
78%
grab suddenlysnatch
77%
retrievefetch
72%
a session of baking produces thisbatch
71%
straw roofing materialthatch
71%
small roadside water channelditch
70%
game, flying on a broomstickquidditch
42%

Score Distribution

Percentile by Number Answered

Percent of People with Each Score

Your Score History

You have not taken this quiz